[Event "26th WSCC 2016 Open 50+"]
[Site "Marianske Lazne, Czech Republic - Hotel Cristal and Continental"]
[Date "2016.11.20"]
[Round "2.49"]
[White "Arias Castanedo, Jacinto"]
[Black "Fritsch, Rolf"]
[Result "0-1"]
[WhiteElo "1857"]
[BlackElo "2235"]
[PlyCount "106"]
[EventDate "2016.11.19"]

1. d4 f5 2. g3 Nf6 3. Bg2 e6 4. Nh3 Be7 5. O-O d6 6. c4 e5 7. dxe5 dxe5 8.
Qxd8+ Bxd8 9. b3 O-O 10. Bb2 Re8 11. Nd2 Nbd7 12. b4 c5 13. b5 Nb6 14. a4 a5
15. Rfc1 e4 16. e3 Bc7 17. Bxf6 gxf6 18. Nb3 Be5 19. Ra2 Be6 20. Bf1 Rec8 21.
Be2 Rc7 22. Nf4 Bf7 23. Ng2 Kf8 24. Nh4 Be6 25. Kg2 Ke7 26. Kh1 Nc8 27. Rd2 Nd6
28. Ng2 b6 29. Nf4 Rd8 30. Nxe6 Kxe6 31. Rdd1 Nf7 32. Rxd8 Nxd8 33. Rd1 Nf7 34.
Rd5 Rd7 35. Rxd7 Kxd7 36. Kg2 Bc3 37. f4 exf3+ 38. Kxf3 Ke6 39. Nc1 Ng5+ 40.
Kf2 Ne4+ 41. Kf3 Be5 42. Na2 Bb2 43. Bd3 Ng5+ 44. Kf2 Ke5 45. Ke2 h6 46. Kf2
Ke6 47. Kg2 Nf7 48. Be2 Ne5 49. h3 Kf7 50. g4 fxg4 51. hxg4 Kg6 52. Kg3 f5 53.
gxf5+ Kxf5 0-1

[Event "26th WSCC 2016 Open 50+"]
[Site "Marianske Lazne, Czech Republic - Hotel Cristal and Continental"]
[Date "2016.11.20"]
[Round "2.50"]
[White "Malinin, Vasily B"]
[Black "Wilkinson, Ian"]
[Result "1-0"]
[WhiteElo "2220"]
[BlackElo "1885"]
[PlyCount "89"]
[EventDate "2016.11.19"]

1. d4 Nf6 2. c4 e6 3. Nc3 Bb4 4. Bg5 h6 5. Bh4 c6 6. Bxf6 Qxf6 7. e4 d5 8. e5
Qe7 9. a3 Ba5 10. b4 Bc7 11. c5 Nd7 12. f4 b6 13. Nf3 a5 14. b5 Bb7 15. bxc6
Bxc6 16. Bb5 Nb8 17. Qa4 Qd7 18. Rc1 bxc5 19. dxc5 O-O 20. Nd4 Bxb5 21. Qxb5
Qe7 22. O-O Na6 23. Na4 Rfb8 24. Qe2 Qd7 25. c6 Qe7 26. Rc3 Bb6 27. Nxb6 Rxb6
28. f5 Qe8 29. Qg4 Nc7 30. Rg3 g5 31. fxg6 fxg6 32. Qxg6+ Qxg6 33. Rxg6+ Kh7
34. Rff6 Rb1+ 35. Kf2 Rab8 36. Rxh6+ Kg7 37. Rhg6+ Kh7 38. Rg4 R8b2+ 39. Kg3
Rg1 40. Kh3 Ne8 41. Rf7+ Kh6 42. Rf8 Kh7 43. Rxe8 Rd1 44. Nxe6 Rd3+ 45. Kh4 1-0

[Event "26th WSCC 2016 Open 50+"]
[Site "Marianske Lazne, Czech Republic - Hotel Cristal and Continental"]
[Date "2016.11.20"]
[Round "2.51"]
[White "Lacina, Adolf"]
[Black "Meier, Franz"]
[Result "1-0"]
[WhiteElo "2206"]
[BlackElo "1859"]
[PlyCount "65"]
[EventDate "2016.11.19"]

1. e4 Nc6 2. Nf3 e5 3. Bc4 Nf6 4. d4 exd4 5. O-O Bc5 6. e5 d5 7. exf6 dxc4 8.
fxg7 Rg8 9. Bg5 Be7 10. Bxe7 Qxe7 11. Nxd4 Nxd4 12. Qxd4 c5 13. Qc3 Be6 14. Nd2
O-O-O 15. Rfe1 Qd6 16. Ne4 Qd4 17. Qa5 Qxg7 18. g3 Kb8 19. Nxc5 Bd5 20. Rad1
Qf6 21. Rxd5 Rxd5 22. Na6+ Qxa6 23. Qxd5 Qf6 24. c3 Rc8 25. Re3 Qg6 26. Kg2 Qc6
27. Qxc6 Rxc6 28. Re8+ Kc7 29. Re7+ Kc8 30. Rxf7 Rb6 31. Rf4 Rxb2 32. Rxc4+ Kb8
33. a4 1-0

[Event "26th WSCC 2016 Open 50+"]
[Site "Marianske Lazne, Czech Republic - Hotel Cristal and Continental"]
[Date "2016.11.20"]
[Round "2.52"]
[White "Hartung-Nielsen, Jens"]
[Black "Serafim Junior, Arnor"]
[Result "1-0"]
[WhiteElo "2200"]
[BlackElo "1846"]
[PlyCount "61"]
[EventDate "2016.11.19"]

1. e4 c5 2. d4 cxd4 3. c3 d3 4. Bxd3 d6 5. c4 g6 6. h3 Bg7 7. Nf3 Nf6 8. O-O
O-O 9. Nc3 Nc6 10. Be3 b6 11. Rc1 Bb7 12. Qe2 Nd7 13. Rfd1 Rc8 14. Bb1 Qc7 15.
b3 Qb8 16. Qd2 Rfe8 17. Nd4 Nde5 18. f4 Nxd4 19. Bxd4 Nc6 20. Bxg7 Kxg7 21. Qb2
Kg8 22. Nd5 Na5 23. f5 Bc6 24. Rf1 b5 25. Qd2 Bxd5 26. exd5 Qb6+ 27. Kh2 Qc5
28. Qh6 Qd4 29. fxg6 hxg6 30. Rxf7 Kxf7 31. Bxg6+ 1-0

[Event "26th WSCC 2016 Open 50+"]
[Site "Marianske Lazne, Czech Republic - Hotel Cristal and Continental"]
[Date "2016.11.20"]
[Round "2.53"]
[White "Siebenburger, Vlastimil"]
[Black "Panos, Jan"]
[Result "1-0"]
[WhiteElo "2048"]
[BlackElo "1845"]
[PlyCount "97"]
[EventDate "2016.11.19"]

1. e4 c6 2. d4 d5 3. exd5 cxd5 4. c4 Nf6 5. Nc3 Nc6 6. Bg5 Bg4 7. Be2 Bxe2 8.
Ngxe2 e6 9. cxd5 exd5 10. Qb3 Bb4 11. O-O Bxc3 12. bxc3 Qd7 13. Bxf6 gxf6 14.
Nf4 O-O-O 15. Rab1 b6 16. Rfd1 Rhg8 17. g3 Qf5 18. Ng2 h5 19. c4 Na5 20. Qc3
dxc4 21. Ne3 Qf3 22. Rbc1 Kb8 23. Nxc4 Qxc3 24. Rxc3 Rc8 25. Rdc1 Nxc4 26. Rxc4
Rxc4 27. Rxc4 Rg5 28. a4 h4 29. Kg2 hxg3 30. fxg3 b5 31. axb5 Rxb5 32. Kf3 a5
33. Ke4 Kb7 34. Rc5 Rb2 35. Rxa5 Rxh2 36. Rf5 Rg2 37. Kf3 Rd2 38. Rxf6 Rxd4 39.
Rxf7+ Kc8 40. Rf4 Rd3+ 41. Kg4 Kd8 42. Re4 Rd5 43. Kf4 Ra5 44. g4 Rc5 45. g5
Rc6 46. Kf5 Kd7 47. g6 Rc5+ 48. Kf6 Rc1 49. g7 1-0

[Event "26th WSCC 2016 Open 50+"]
[Site "Marianske Lazne, Czech Republic - Hotel Cristal and Continental"]
[Date "2016.11.20"]
[Round "2.54"]
[White "Lavrincik, Pavel"]
[Black "Elias, Miroslav"]
[Result "0-1"]
[WhiteElo "1837"]
[BlackElo "2043"]
[PlyCount "64"]
[EventDate "2016.11.19"]

1. c4 e5 2. e4 Nf6 3. Nc3 Bc5 4. d3 d6 5. Be3 Nc6 6. Bxc5 dxc5 7. Nf3 O-O 8.
Be2 Bg4 9. h3 Bxf3 10. Bxf3 Nd4 11. Be2 c6 12. O-O Qd6 13. Qd2 b5 14. Rad1 Rfd8
15. Qe3 a6 16. Kh1 Rab8 17. b3 Ne6 18. g3 Rb7 19. f4 Nd4 20. Nb1 Rbd7 21. Kg2
b4 22. fxe5 Qxe5 23. Nd2 Nc2 24. Qf2 Qd4 25. Nf3 Ne3+ 26. Kg1 Nxd1 27. Nxd4
Nxf2 28. Nxc6 Nxh3+ 29. Kg2 Ng5 30. Nxd8 Rxd8 31. e5 Ne8 32. Bh5 g6 0-1

[Event "26th WSCC 2016 Open 50+"]
[Site "Marianske Lazne, Czech Republic - Hotel Cristal and Continental"]
[Date "2016.11.20"]
[Round "2.55"]
[White "Juricek, Stanislav"]
[Black "Koblizek, Lubomir"]
[Result "1-0"]
[WhiteElo "2043"]
[BlackElo "1811"]
[PlyCount "103"]
[EventDate "2016.11.19"]

1. e4 d6 2. d4 e5 3. Nf3 exd4 4. Qxd4 Nc6 5. Bb5 Bd7 6. Bxc6 Bxc6 7. Nc3 Nf6 8.
Bg5 Be7 9. O-O-O h6 10. Bd2 O-O 11. Qd3 Ng4 12. Qe2 Bf6 13. h3 Ne5 14. Nd4 Ng6
15. Qc4 Bxd4 16. Qxd4 Re8 17. f3 a5 18. Ne2 Qe7 19. Bc3 Qe5 20. Qd2 Qe6 21. Kb1
b5 22. Nd4 Qc4 23. b3 Qc5 24. Nf5 Ne5 25. Rhe1 b4 26. Bd4 Qb5 27. f4 Nc4 28.
bxc4 Qxc4 29. Qd3 Qxd3 30. cxd3 f6 31. Rc1 Ra6 32. Bb2 Bb5 33. Rxc7 Bxd3+ 34.
Kc1 Rxe4 35. Rxe4 Bxe4 36. Nxg7 Rc6+ 37. Rxc6 Bxc6 38. Nh5 Bxg2 39. h4 f5 40.
Ng3 Bd5 41. a3 Be6 42. axb4 axb4 43. Kc2 Kf7 44. Bc1 Kf6 45. Bd2 b3+ 46. Kb2
Bf7 47. Kc3 Kg6 48. Bc1 Kf6 49. Ba3 h5 50. Bxd6 Kg6 51. Ne2 Kf6 52. Nd4 1-0

[Event "26th WSCC 2016 Open 50+"]
[Site "Marianske Lazne, Czech Republic - Hotel Cristal and Continental"]
[Date "2016.11.20"]
[Round "2.56"]
[White "Dobes, Ludek"]
[Black "Vlcek, Antonin"]
[Result "0-1"]
[WhiteElo "2038"]
[BlackElo "1798"]
[PlyCount "84"]
[EventDate "2016.11.19"]

1. Nf3 Nf6 2. d4 d5 3. g3 e6 4. Bg2 c5 5. O-O cxd4 6. Nxd4 Nc6 7. c4 Bc5 8. Nb3
Be7 9. cxd5 Nxd5 10. e4 Ndb4 11. Qe2 b6 12. Rd1 Qc7 13. a3 Ba6 14. Qg4 Nc2 15.
Qxg7 Qe5 16. Qg4 Nxa1 17. Nxa1 h5 18. Qf4 Qxf4 19. Bxf4 e5 20. Be3 Rd8 21. Rc1
Nd4 22. Nc3 Rc8 23. Bf1 Bxf1 24. Kxf1 h4 25. g4 h3 26. Nc2 Nf3 27. Ke2 Nd4+ 28.
Nxd4 exd4 29. Bxd4 Rg8 30. Rg1 Bc5 31. Be5 Rg5 32. Bf4 Rg6 33. Nd5 Bd4 34. Nc7+
Ke7 35. b3 Rc6 36. Rd1 Rc2+ 37. Kd3 R2xc7 38. Bxc7 Rxc7 39. f4 Bb2 40. a4 Rd7+
41. Ke2 Rxd1 42. Kxd1 Bd4 0-1

[Event "26th WSCC 2016 Open 50+"]
[Site "Marianske Lazne, Czech Republic - Hotel Cristal and Continental"]
[Date "2016.11.20"]
[Round "2.57"]
[White "Schneider, Waldemar"]
[Black "Ptacnik, Stanislav"]
[Result "0-1"]
[WhiteElo "1818"]
[BlackElo "2037"]
[PlyCount "108"]
[EventDate "2016.11.19"]

1. d4 Nf6 2. c4 c5 3. d5 e6 4. Nc3 exd5 5. cxd5 d6 6. Nf3 g6 7. e4 Bg7 8. Bb5+
Bd7 9. Qa4 O-O 10. O-O a6 11. Bxd7 Nbxd7 12. Bf4 Nh5 13. Bg5 Qc7 14. Rfe1 h6
15. Be3 Nhf6 16. Rad1 Rfe8 17. Qc2 b5 18. a3 b4 19. Na2 bxa3 20. bxa3 Rxe4 21.
Qc1 Kh7 22. Nd2 Ree8 23. Nc4 Ne5 24. Bf4 Nfd7 25. Ne3 Rab8 26. Nb4 Qb7 27. Nc6
Rbc8 28. Nc4 Nxc4 29. Qxc4 Ne5 30. Nxe5 dxe5 31. Bg3 Qb5 32. Qc2 c4 33. d6 Red8
34. f4 Rxd6 35. Rxd6 Qc5+ 36. Qf2 Qxd6 37. fxe5 Qc5 38. Kf1 Qxa3 39. Qc2 Qb3
40. Rc1 Qb5 41. Rb1 Qc6 42. Qc3 Qe4 43. Rb6 Rd8 44. Rxa6 Rd1+ 45. Kf2 h5 46.
Ra4 h4 47. Rxc4 hxg3+ 48. hxg3 Rd2+ 49. Qxd2 Qxc4 50. Qf4 Qc5+ 51. Kf3 Qd5+ 52.
Kg4 Bxe5 53. Qf2 Qd1+ 54. Qf3 f5+ 0-1

[Event "26th WSCC 2016 Open 50+"]
[Site "Marianske Lazne, Czech Republic - Hotel Cristal and Continental"]
[Date "2016.11.20"]
[Round "2.58"]
[White "Paldus, Petr"]
[Black "Laloucek, Miroslav"]
[Result "1/2-1/2"]
[WhiteElo "2031"]
[BlackElo "1771"]
[PlyCount "151"]
[EventDate "2016.11.19"]

1. e4 d5 2. exd5 Nf6 3. d4 Nxd5 4. c4 Nf6 5. Nc3 e6 6. Nf3 Be7 7. Bd3 O-O 8.
O-O b6 9. Be3 Bb7 10. Ne5 Nbd7 11. Qc2 Rc8 12. Rad1 Kh8 13. h3 Bd6 14. f4 Qe7
15. Nxd7 Nxd7 16. Ne4 Nf6 17. Nxf6 Qxf6 18. c5 Be7 19. c6 Ba8 20. Be4 Rcd8 21.
g4 g6 22. d5 Qg7 23. dxe6 fxe6 24. Rd7 Rxd7 25. cxd7 Bd6 26. Bxa8 Rxa8 27. Qe4
Rd8 28. Bd4 Bc5 29. Bxc5 bxc5 30. Qxe6 Qd4+ 31. Rf2 Rxd7 32. Kg2 Kg7 33. Re2 a5
34. Qe5+ Kf7 35. Qe8+ Kg7 36. Re7+ Rxe7 37. Qxe7+ Kg8 38. Qe8+ Kg7 39. Qe7+ Kg8
40. Qe6+ Kg7 41. Kf3 a4 42. b3 axb3 43. axb3 Qd1+ 44. Kf2 Qd2+ 45. Kg3 Qd3+ 46.
Kh4 Qd6 47. Qe3 Kf6 48. Qc3+ Qd4 49. Qg3 Qd6 50. g5+ Kf7 51. Qf3 Qe6 52. Kg3 c4
53. bxc4 Qxc4 54. f5 gxf5 55. Qxf5+ Kg8 56. h4 c5 57. Qc8+ Kf7 58. Qd7+ Kg6 59.
Qd6+ Kg7 60. Qe5+ Kg8 61. Qb8+ Kf7 62. Qc7+ Kg6 63. Qd6+ Kg7 64. Qe5+ Kg8 65.
Qf4 Qd3+ 66. Qf3 c4 67. Qxd3 cxd3 68. Kf3 Kf7 69. h5 d2 70. Ke2 d1=Q+ 71. Kxd1
Ke6 72. Ke2 Kf5 73. g6 hxg6 74. h6 Kf6 75. Kf3 g5 76. Kg4 1/2-1/2

[Event "26th WSCC 2016 Open 50+"]
[Site "Marianske Lazne, Czech Republic - Hotel Cristal and Continental"]
[Date "2016.11.20"]
[Round "2.59"]
[White "Habada, Jindrich"]
[Black "Tiedt, Gunter"]
[Result "0-1"]
[WhiteElo "1799"]
[BlackElo "2020"]
[PlyCount "80"]
[EventDate "2016.11.19"]

1. b3 e5 2. Bb2 Nc6 3. e3 Nf6 4. Nf3 d6 5. Bb5 a6 6. Bxc6+ bxc6 7. d4 e4 8.
Nfd2 d5 9. c4 Be7 10. Nc3 O-O 11. Qc1 Ng4 12. h3 Nh6 13. Ba3 Be6 14. Na4 Nf5
15. cxd5 cxd5 16. Bxe7 Qxe7 17. Qc5 Qg5 18. Ke2 Ne7 19. Nxe4 Qh4 20. Nd2 f5 21.
Nf3 Qf6 22. Rac1 Ng6 23. g3 Rae8 24. Ne5 f4 25. gxf4 Nxf4+ 26. exf4 Qxf4 27. f3
Bf7 28. Rc3 Kh8 29. Re3 Bh5 30. Qxd5 Qg3 31. Kd3 c6 32. Qxc6 Rc8 33. Qd5 Qg2
34. Nc4 Qxh1 35. Nc5 Bxf3 36. Qd7 Bc6 37. Qe6 Qf1+ 38. Kc3 a5 39. Re1 Qf4 40.
Kb2 Rce8 0-1

[Event "26th WSCC 2016 Open 50+"]
[Site "Marianske Lazne, Czech Republic - Hotel Cristal and Continental"]
[Date "2016.11.20"]
[Round "2.60"]
[White "Melkeraen, Terje"]
[Black "Dolezal, Rudolf"]
[Result "1-0"]
[WhiteElo "2011"]
[BlackElo "1744"]
[PlyCount "67"]
[EventDate "2016.11.19"]

1. Nf3 d5 2. b3 Nf6 3. Bb2 Nc6 4. e3 g6 5. Bb5 Bd7 6. O-O Bg7 7. d4 O-O 8. Nbd2
a6 9. Be2 Bf5 10. a3 b5 11. Bd3 Ne4 12. Nh4 e6 13. Nxf5 exf5 14. c4 Na5 15.
Bxe4 fxe4 16. cxd5 Qxd5 17. Qc2 f5 18. Rac1 Rf7 19. Bc3 Nc6 20. Bb2 Na7 21. Qc5
Qe6 22. d5 Qe7 23. Bxg7 Qxc5 24. Rxc5 Kxg7 25. f3 exf3 26. gxf3 Rd8 27. e4 c6
28. Rfc1 cxd5 29. exd5 Kf6 30. f4 Rfd7 31. Nf3 Rxd5 32. Rxd5 Rxd5 33. Rc7 b4
34. Ng5 1-0

[Event "26th WSCC 2016 Open 50+"]
[Site "Marianske Lazne, Czech Republic - Hotel Cristal and Continental"]
[Date "2016.11.20"]
[Round "2.61"]
[White "Cafolla, Peter"]
[Black "Tkadlecek, Petr"]
[Result "0-1"]
[WhiteElo "1996"]
[BlackElo "1733"]
[PlyCount "120"]
[EventDate "2016.11.19"]

1. d4 Nf6 2. c4 c6 3. Nf3 d5 4. Nc3 Bg4 5. Ne5 Bh5 6. cxd5 Nxd5 7. Qb3 Qb6 8.
Nxd5 Qxb3 9. axb3 cxd5 10. e3 f6 11. Bb5+ Kd8 12. Nd3 a6 13. Nf4 Bf7 14. Bd2 e5
15. dxe5 fxe5 16. Nd3 Bd6 17. Bc3 e4 18. Bxg7 Rg8 19. Bf6+ Be7 20. Bxe7+ Kxe7
21. Nf4 Nc6 22. Bxc6 bxc6 23. Kd2 Rgb8 24. Ra3 Rb6 25. Rc1 Kd6 26. Ne2 c5 27.
f3 exf3 28. gxf3 Bh5 29. Rf1 Rg8 30. Nf4 Be8 31. Kc3 Bc6 32. Rd1 Rg5 33. Raa1
Re5 34. Re1 d4+ 35. exd4 cxd4+ 36. Kc2 Bxf3 37. Rxe5 Kxe5 38. Nd3+ Kd6 39. Ra4
Kd5 40. Nb4+ Ke5 41. Nxa6 Be4+ 42. Kd2 Rxb3 43. Rb4 Rh3 44. Nc5 Rxh2+ 45. Ke1
Bc2 46. Rb5 Kf4 47. Rb8 h5 48. Rd8 Ke5 49. b4 Rh1+ 50. Kd2 Rh2+ 51. Kc1 Bf5 52.
Nb3 Rc2+ 53. Kd1 Rc4 54. Na5 Rc7 55. b5 h4 56. Nc6+ Kf4 57. Rxd4+ Kg3 58. Rd5
Rd7 59. Nb4 h3 60. Ke2 Rxd5 0-1

[Event "26th WSCC 2016 Open 50+"]
[Site "Marianske Lazne, Czech Republic - Hotel Cristal and Continental"]
[Date "2016.11.20"]
[Round "2.62"]
[White "Ruzicka, Tomas"]
[Black "Miculka, Petr"]
[Result "0-1"]
[WhiteElo "1796"]
[BlackElo "1995"]
[PlyCount "56"]
[EventDate "2016.11.19"]

1. e4 c5 2. f4 e6 3. Nf3 Nc6 4. Bb5 Nge7 5. O-O a6 6. Bxc6 Nxc6 7. e5 d5 8. d3
Be7 9. Nc3 b5 10. Bd2 Qb6 11. Kh1 b4 12. Ne2 Bb7 13. Be3 d4 14. Bg1 h5 15. b3
h4 16. h3 f6 17. Qe1 fxe5 18. fxe5 g5 19. g4 hxg3 20. Qxg3 g4 21. Qxg4 Nxe5 22.
Qg3 Nxf3 23. Rxf3 O-O-O 24. Bh2 Rdg8 25. Qf2 Rxh3 26. Ng1 Rxg1+ 27. Kxg1 Rxf3
28. Qg2 Qc6 0-1

[Event "26th WSCC 2016 Open 50+"]
[Site "Marianske Lazne, Czech Republic - Hotel Cristal and Continental"]
[Date "2016.11.20"]
[Round "2.63"]
[White "De Winter, Gerard"]
[Black "Polanyi, Peter"]
[Result "0-1"]
[WhiteElo "1771"]
[BlackElo "1990"]
[PlyCount "96"]
[EventDate "2016.11.19"]

1. d4 Nf6 2. Nf3 g6 3. g3 Bg7 4. Bg2 d6 5. O-O O-O 6. c4 Nbd7 7. Nc3 c6 8. e4
e5 9. Be3 Ng4 10. Bg5 f6 11. Bc1 Nh6 12. Be3 f5 13. Bg5 Qe8 14. dxe5 Nxe5 15.
Nxe5 dxe5 16. exf5 Nxf5 17. Ne4 Be6 18. b3 h6 19. Bd2 Rd8 20. Qe1 b6 21. Bc3 c5
22. Rd1 Nd4 23. Rd2 Bg4 24. f4 exf4 25. gxf4 Rf7 26. h3 Bf5 27. Ng3 Re7 28. Qf2
Qd7 29. Bd5+ Kh7 30. Nxf5 Qxf5 31. Kh2 Rde8 32. Bxd4 Bxd4 33. Qg2 Be3 34. Rb2
Bxf4+ 35. Kh1 Re3 36. Bf3 Qe5 37. Rbb1 Re7 38. Rbd1 Qg5 39. Qxg5 Bxg5 40. Kg2
Kg7 41. Bd5 Re2+ 42. Rf2 Bh4 43. Rxe2 Rxe2+ 44. Kf3 Rxa2 45. Kg4 Bf6 46. Re1
h5+ 47. Kf3 Rb2 48. Re8 Rxb3+ 0-1

[Event "26th WSCC 2016 Open 50+"]
[Site "Marianske Lazne, Czech Republic - Hotel Cristal and Continental"]
[Date "2016.11.20"]
[Round "2.64"]
[White "Fox, Anthony"]
[Black "Bauer, Matthias"]
[Result "1-0"]
[WhiteElo "1986"]
[BlackElo "1688"]
[PlyCount "59"]
[EventDate "2016.11.19"]

1. e4 e6 2. d3 d5 3. Nd2 c5 4. g3 Nc6 5. Bg2 Nf6 6. Ngf3 Be7 7. O-O O-O 8. Re1
b5 9. e5 Nd7 10. h4 a5 11. Nf1 Nb6 12. N1h2 Bd7 13. Ng4 c4 14. d4 b4 15. h5 a4
16. h6 g6 17. Be3 Na5 18. b3 axb3 19. axb3 cxb3 20. cxb3 Bb5 21. Bf1 Qd7 22.
Bg5 Bxf1 23. Bxe7 Qxe7 24. Kxf1 Rfc8 25. Nf6+ Kh8 26. Ng5 Rc3 27. Re3 Rxe3 28.
fxe3 Qf8 29. Nfxh7 Ra7 30. Nxf8 1-0

[Event "26th WSCC 2016 Open 50+"]
[Site "Marianske Lazne, Czech Republic - Hotel Cristal and Continental"]
[Date "2016.11.20"]
[Round "2.65"]
[White "Sand, Rosemarie"]
[Black "Krutina, Miroslav"]
[Result "0-1"]
[WhiteElo "1763"]
[BlackElo "1983"]
[PlyCount "62"]
[EventDate "2016.11.19"]

1. d4 g6 2. c4 Bg7 3. g3 d6 4. Bg2 Nd7 5. Nf3 c6 6. Nc3 e6 7. Qc2 d5 8. cxd5
exd5 9. b3 Ne7 10. Bb2 O-O 11. O-O Nf6 12. Nh4 g5 13. Nf3 Bf5 14. Qd2 h6 15. h3
Qd6 16. Rad1 b5 17. Nh2 Qd7 18. g4 Bh7 19. Rde1 Ng6 20. e4 Nf4 21. f3 Ne8 22.
exd5 cxd5 23. Re3 Nc7 24. Ne2 Nce6 25. Nxf4 Nxf4 26. Rc1 Rfe8 27. Rxe8+ Rxe8
28. Bf1 a6 29. Re1 Rxe1 30. Qxe1 Ne6 31. Qc3 Bxd4+ 0-1

[Event "26th WSCC 2016 Open 50+"]
[Site "Marianske Lazne, Czech Republic - Hotel Cristal and Continental"]
[Date "2016.11.20"]
[Round "2.66"]
[White "Molnar, Ladislav"]
[Black "Horak, Vladimir"]
[Result "1-0"]
[WhiteElo "1738"]
[BlackElo "1961"]
[PlyCount "81"]
[EventDate "2016.11.19"]

1. e4 e6 2. d3 d5 3. Nd2 Bd6 4. Ngf3 c5 5. g3 Nc6 6. Bg2 d4 7. O-O Nf6 8. Nc4
e5 9. Nxd6+ Qxd6 10. Nh4 O-O 11. f4 Re8 12. f5 Kf8 13. g4 Ng8 14. g5 g6 15. Qf3
Nd8 16. Bd2 b6 17. Rf2 a5 18. Raf1 Ra7 19. Bh3 Ba6 20. Bg4 Kg7 21. Qh3 c4 22.
f6+ Kh8 23. Nxg6+ fxg6 24. f7 Rf8 25. fxg8=Q+ Rxg8 26. Rf6 Qe7 27. Rxb6 cxd3
28. cxd3 Qc5 29. Rbf6 Qc2 30. Rf8 Rag7 31. Bxa5 Bxd3 32. Bxd8 Bxf1 33. Qxf1 Qc5
34. Rxg8+ Kxg8 35. Be6+ Kh8 36. Bf6 d3+ 37. Qf2 Qc1+ 38. Kg2 Qc2 39. Bb3 Qc7
40. Bxg7+ Qxg7 41. Qf6 1-0

[Event "26th WSCC 2016 Open 50+"]
[Site "Marianske Lazne, Czech Republic - Hotel Cristal and Continental"]
[Date "2016.11.20"]
[Round "2.67"]
[White "Kucera, Jiri"]
[Black "Macek, Oldrich"]
[Result "1/2-1/2"]
[WhiteElo "1958"]
[BlackElo "1677"]
[PlyCount "76"]
[EventDate "2016.11.19"]

1. c4 Nf6 2. Nf3 g6 3. b3 Bg7 4. Bb2 O-O 5. e3 d6 6. Be2 e5 7. d3 Nfd7 8. Nbd2
f5 9. h4 h6 10. Qc2 Nc6 11. a3 Qe7 12. b4 e4 13. Nd4 Nxd4 14. Bxd4 Bxd4 15.
exd4 e3 16. fxe3 Qxe3 17. Nf3 Nf6 18. Qd2 Ng4 19. O-O-O f4 20. Rde1 Bf5 21. Bf1
Qxd2+ 22. Kxd2 Rae8 23. Rg1 Re3 24. Rxe3 fxe3+ 25. Kc3 Re8 26. Be2 Nf6 27. d5
Nh5 28. g3 Bg4 29. Nd4 Bxe2 30. Nxe2 c6 31. dxc6 bxc6 32. Kd4 Nf6 33. g4 Nd7
34. Rg3 c5+ 35. Kc3 Nb6 36. d4 Na4+ 37. Kd3 Nb2+ 38. Kc3 Na4+ 1/2-1/2

[Event "26th WSCC 2016 Open 50+"]
[Site "Marianske Lazne, Czech Republic - Hotel Cristal and Continental"]
[Date "2016.11.20"]
[Round "2.68"]
[White "Svec, Jan"]
[Black "Malinovsky, Petr"]
[Result "0-1"]
[WhiteElo "1717"]
[BlackElo "1957"]
[PlyCount "82"]
[EventDate "2016.11.19"]

1. d4 d5 2. c4 e6 3. Nc3 c6 4. cxd5 exd5 5. Nf3 Bf5 6. e3 Nf6 7. Bd3 Bxd3 8.
Qxd3 Bd6 9. h3 Nbd7 10. O-O O-O 11. b3 Qe7 12. Bb2 Ne4 13. Qe2 f5 14. Nxe4 fxe4
15. Nh2 Rf6 16. f4 exf3 17. Rxf3 Rxf3 18. Qxf3 Rf8 19. Qe2 Bg3 20. Nf3 Re8 21.
Bc1 Bf4 22. Kf2 Nf6 23. Qd3 Ne4+ 24. Kg1 Bg3 25. a4 Qf6 26. Ra2 g5 27. Re2 h5
28. Ba3 g4 29. Nd2 Bf2+ 30. Kh2 g3+ 31. Kh1 Nxd2 32. Qxd2 Qf5 33. Qd1 Rxe3 34.
Rxe3 Bxe3 35. Bd6 Qf2 36. Qb1 Kg7 37. Be5+ Kh6 38. Bxg3 Qxg3 39. Qf5 Qe1+ 40.
Kh2 Bg1+ 41. Kh1 Bxd4+ 0-1

[Event "26th WSCC 2016 Open 50+"]
[Site "Marianske Lazne, Czech Republic - Hotel Cristal and Continental"]
[Date "2016.11.20"]
[Round "2.69"]
[White "Shaw, Meyrick"]
[Black "Privoznik, Lubos"]
[Result "0-1"]
[WhiteElo "1947"]
[BlackElo "1652"]
[PlyCount "88"]
[EventDate "2016.11.19"]

1. d4 Nf6 2. Nf3 g6 3. Nbd2 d5 4. c3 Bg7 5. g3 O-O 6. Bg2 Nbd7 7. O-O Rb8 8. b3
c5 9. Bb2 b6 10. Qc2 Qc7 11. Rac1 Bb7 12. c4 Qd6 13. Rfd1 e6 14. dxc5 Qxc5 15.
Qb1 Ne4 16. Nxe4 dxe4 17. Bxg7 Kxg7 18. Nd4 Nf6 19. e3 Rfd8 20. Nb5 a6 21. Nc3
Qf5 22. Qb2 Kf8 23. Ne2 e5 24. b4 Rd3 25. c5 Ng4 26. Nf4 Rxd1+ 27. Rxd1 Re8 28.
Nd5 Qh5 29. Nxb6 Qxh2+ 30. Kf1 Qh5 31. Rd6 Nh2+ 32. Ke1 Nf3+ 33. Bxf3 exf3 34.
Nd7+ Kg7 35. Nf6 Qh1+ 36. Kd2 Re7 37. c6 Qf1 38. Ng4 Bc8 39. Nxe5 Qxf2+ 40. Kc3
Qxb2+ 41. Kxb2 Rxe5 42. Rd2 Rxe3 43. a4 Re2 44. Kc3 f2 0-1

[Event "26th WSCC 2016 Open 50+"]
[Site "Marianske Lazne, Czech Republic - Hotel Cristal and Continental"]
[Date "2016.11.20"]
[Round "2.70"]
[White "Svoboda, Frantisek"]
[Black "Sielicki, Tomasz"]
[Result "1/2-1/2"]
[WhiteElo "1701"]
[BlackElo "1947"]
[PlyCount "66"]
[EventDate "2016.11.19"]

1. d4 d6 2. Nf3 g6 3. e3 Bg7 4. b3 c5 5. Bb2 Nc6 6. Nbd2 Nh6 7. Bb5 O-O 8. O-O
cxd4 9. Bxc6 dxe3 10. Bxg7 Kxg7 11. fxe3 bxc6 12. e4 Ng4 13. Qe2 Qb6+ 14. Kh1
Ne3 15. Rfc1 d5 16. c4 Ba6 17. Ne5 dxc4 18. bxc4 Qc7 19. Ndf3 f6 20. Qxe3 fxe5
21. Qg5 Rf6 22. Nxe5 h6 23. Qg3 Re6 24. Nd3 Qxg3 25. hxg3 Rd6 26. Nc5 Bc8 27.
Rab1 Bg4 28. Rb7 Kf6 29. Rf1+ Ke5 30. Rf4 h5 31. Rxe7+ Kd4 32. e5+ Kxc5 33.
exd6 Kxd6 1/2-1/2

[Event "26th WSCC 2016 Open 50+"]
[Site "Marianske Lazne, Czech Republic - Hotel Cristal and Continental"]
[Date "2016.11.20"]
[Round "2.71"]
[White "Maly, Petr"]
[Black "Cesar, Geovanny"]
[Result "1-0"]
[WhiteElo "1667"]
[BlackElo "1942"]
[PlyCount "65"]
[EventDate "2016.11.19"]

1. d4 d5 2. c4 c6 3. cxd5 cxd5 4. Nc3 Nf6 5. Nf3 Nc6 6. e3 a6 7. a3 Bg4 8. h3
Bh5 9. Be2 e6 10. b4 b5 11. Ne5 Bxe2 12. Nxe2 Nxe5 13. dxe5 Nd7 14. Bb2 Nb6 15.
O-O Be7 16. Bd4 Nc4 17. Qd3 O-O 18. f4 g6 19. g4 f5 20. g5 Qb8 21. Rfb1 a5 22.
Bc5 Bxc5 23. bxc5 Rc8 24. Nd4 Ra6 25. Rxb5 Qa8 26. Rab1 a4 27. c6 Raxc6 28.
Nxc6 Qxc6 29. Rb8 h6 30. h4 Qc5 31. Qd4 Qc7 32. Rxc8+ Qxc8 33. Qa7 1-0

[Event "26th WSCC 2016 Open 50+"]
[Site "Marianske Lazne, Czech Republic - Hotel Cristal and Continental"]
[Date "2016.11.20"]
[Round "2.72"]
[White "Hrabal, Ivan"]
[Black "Bastyr, Pavel"]
[Result "1-0"]
[WhiteElo "1932"]
[BlackElo "1462"]
[PlyCount "73"]
[EventDate "2016.11.19"]

1. e4 c5 2. Nc3 Nc6 3. f4 e6 4. Nf3 g6 5. Bb5 Qc7 6. d3 Bg7 7. Bd2 Nd4 8. e5
Nxb5 9. Nxb5 Qc6 10. Nd6+ Kf8 11. O-O Ne7 12. Ng5 f6 13. exf6 Bxf6 14. Ndf7 Rg8
15. Qe1 Bd4+ 16. Kh1 Nf5 17. Ne5 Bxe5 18. Qxe5 Rg7 19. Bc3 h6 20. Qf6+ Ke8 21.
Nf3 b5 22. Rae1 b4 23. Bd2 Bb7 24. Rf2 Qd6 25. Rfe2 Qf8 26. Qxf8+ Kxf8 27. Ne5
Nd4 28. Rf2 d6 29. Nc4 Rd8 30. c3 bxc3 31. bxc3 Nf5 32. Rxe6 Bd5 33. Re1 Bxc4
34. dxc4 Rb7 35. g4 Ne7 36. f5 Kg7 37. f6+ 1-0

[Event "26th WSCC 2016 Open 50+"]
[Site "Marianske Lazne, Czech Republic - Hotel Cristal and Continental"]
[Date "2016.11.20"]
[Round "2.73"]
[White "Koci, Vladimir"]
[Black "Marsalek, Lubos"]
[Result "0-1"]
[WhiteElo "1636"]
[BlackElo "1927"]
[PlyCount "54"]
[EventDate "2016.11.19"]

1. e4 c5 2. Nf3 Nc6 3. d4 cxd4 4. Nxd4 Nf6 5. Nc3 d6 6. g3 g6 7. Bg2 Bg7 8. Be3
Bd7 9. O-O O-O 10. f3 a6 11. Qd2 Re8 12. Nb3 Ne5 13. Bd4 Nc4 14. Qe2 Rc8 15.
Nd1 e5 16. Bc3 d5 17. Nd2 Bb5 18. a4 Nxd2 19. axb5 Nxf1 20. Bxf1 Qb6+ 21. Kg2
d4 22. Qf2 axb5 23. Ra5 Qc7 24. Bb4 Qxc2 25. Be2 Bf8 26. Bxf8 Kxf8 27. Rxb5 d3
0-1